Ekonomičeskij regionalizm i Japonija.

Príčiny vzniku tendencií k regionalizmu v rôznych častiach zemegule. Ich prejav v snahách mnohých štátov vytvoriť regionálne zoskupenia, členovia ktorých koordinujú svoju ekonomickú činnosť. Pôvod idey vytvoriť aziatsko-tichooceánske zoskupenie v cieľovej stratégii japonských podnikateľských a polit...

Ausführliche Beschreibung

Gespeichert in:
Bibliographische Detailangaben
1. Verfasser: Chlynov, V.
Weitere Verfasser: Gajdar, V.
Format: Buchkapitel
Sprache:Russisch
Schlagworte:
Tags: Tag hinzufügen
Keine Tags, Fügen Sie das erste Tag hinzu!

MARC

LEADER 00000naa a2200000 4500
001 r002809
005 20220819193906.9
041 0 |a rus 
044 |a [SU] 
245 1 0 |a Ekonomičeskij regionalizm i Japonija.  |c V. Chlynov, V. Gajdar 
520 |a Príčiny vzniku tendencií k regionalizmu v rôznych častiach zemegule. Ich prejav v snahách mnohých štátov vytvoriť regionálne zoskupenia, členovia ktorých koordinujú svoju ekonomickú činnosť. Pôvod idey vytvoriť aziatsko-tichooceánske zoskupenie v cieľovej stratégii japonských podnikateľských a politických kruhov. Perspektívy tohto združenia. 
610 2 0 |a regionalizácia 
610 2 0 |a makroregióny 
610 2 0 |a regióny ekonomické 
610 2 0 |a Japonsko 
610 2 0 |a zoskupenia integračné medzinárodné 
610 2 0 |a podnik medzinárodný 
100 1 |a Chlynov, V. 
700 1 |a Gajdar, V.